000 02052nam0a2200337 4500
001 RU\NLR\BIBL_A\022559317
005 20260420045427.0
010 _a978-5-00130-887-4
_9100
021 _aRU
_bКН-П-25-020442
_9КН-П-25-2067
035 _a(NLR Aleph) 022559317
090 _a13674422
_c13674422
100 _a20250604d2025 u y0rusy50 ca
101 0 _arus
102 _aRU
105 _ay j|||000zy
200 1 _aКурс экономической теории
_eучебное пособие
_fдоктор экономических наук, профессор Н. Г. Багаутдинова, доктор экономических наук, профессор С. В. Киселев, доктор экономических наук, профессор Ф. С. Абдулганиев [и др.]
_gМинистерство науки и высшего образования Российской Федерации, Казанский федеральный университет
210 _aКазань
_cИзд-во Казанского университета
_d2025
215 _a272 с.
_d20
300 _aАвт. указаны на обороте тит. с.
320 _aБиблиогр. в конце разд.
606 1 _aЭкономика
_jУчебные издания для высших учебных заведений
_xТеория
_91565397
_3RU\NLR\AUTH\66985247
686 1 _aУ010я73
701 1 _aБагаутдинова
_bН. Г.
_gНаиля Гумеровна
701 1 _7ca
_8rus
_aКиселев
_bС. В.
_cд-р экон. наук
_gСергей Владимирович
_935831
_3RU\NLR\AUTH\7752898
701 1 _aАбдулганиев
_bФ. С.
_gФарид Султанович
712 0 2 _4475
_aКазанский (Приволжский) федеральный университет
_9827387
_3RU\NLR\AUTH\8810165675
942 _cBOOK
980 _aNB